| 000 | 00537nam a22002177a 4500 | ||
|---|---|---|---|
| 999 |
_c9266 _d9266 |
||
| 001 | 9266 | ||
| 003 | BD-JhCC | ||
| 005 | 20180312125318.0 | ||
| 008 | 180312b1956 bg ||||| |||| 00| 0 eng d | ||
| 035 | _a(BD-JhCC)9266 | ||
| 040 |
_aBD-JhCC _dBD-JhCC |
||
| 041 | _aeng | ||
| 082 |
_a320 _bRAH 1956 |
||
| 100 | _aRahman, H. | ||
| 245 |
_aPolitical Science and Government / _cH. Rahman |
||
| 260 |
_aDHAKA : _bIdeal Publications _c1956. |
||
| 300 |
_a160 p. : _c17 cm. |
||
| 650 | _aPolital Science | ||
| 942 |
_2ddc _cBK |
||